Oxford handbook of psychiatry / (Record no. 504)
[ view plain ]
| 000 -LEADER | |
|---|---|
| fixed length control field | 01358cam a2200469 a 4500 |
| 005 - DATE AND TIME OF LATEST TRANSACTION | |
| control field | 20260322212022.0 |
| 008 - FIXED-LENGTH DATA ELEMENTS--GENERAL INFORMATION | |
| fixed length control field | data |
| 010 ## - LIBRARY OF CONGRESS CONTROL NUMBER | |
| LC control number | 2012944040 |
| 015 ## - NATIONAL BIBLIOGRAPHY NUMBER | |
| National bibliography number | GBB293197 |
| Source | bnb |
| 016 7# - NATIONAL BIBLIOGRAPHIC AGENCY CONTROL NUMBER | |
| Record control number | 016171916 |
| Source | Uk |
| 019 ## - | |
| -- | 842877018 |
| -- | 842877018 |
| 020 ## - INTERNATIONAL STANDARD BOOK NUMBER | |
| International Standard Book Number | 9780199693887 (pbk.) |
| 020 ## - INTERNATIONAL STANDARD BOOK NUMBER | |
| International Standard Book Number | 0199693889 (pbk.) |
| 020 ## - INTERNATIONAL STANDARD BOOK NUMBER | |
| International Standard Book Number | 9780199686247 |
| 020 ## - INTERNATIONAL STANDARD BOOK NUMBER | |
| International Standard Book Number | 0199686246 |
| 040 ## - CATALOGING SOURCE | |
| Original cataloging agency | UKMGB |
| Language of cataloging | eng |
| Transcribing agency | UKMGB |
| Modifying agency | OCLCF |
| -- | OCLCO |
| -- | KIJ |
| -- | YDXCP |
| -- | YDX |
| -- | CDX |
| -- | CGU |
| -- | UOH |
| -- | VET |
| -- | BTCTA |
| -- | VET |
| -- | UAU |
| -- | OCLCF |
| 041 09 - LANGUAGE CODE | |
| Language code of text/sound track or separate title | eng |
| 042 ## - AUTHENTICATION CODE | |
| Authentication code | nlmcopyc |
| -- | nlmcopyc |
| 044 ## - COUNTRY OF PUBLISHING/PRODUCING ENTITY CODE | |
| -- | England |
| 050 00 - LIBRARY OF CONGRESS CALL NUMBER | |
| Classification number | RC456 |
| Item number | .O95 2013 |
| 060 10 - NATIONAL LIBRARY OF MEDICINE CALL NUMBER | |
| Classification number | WM 34 |
| 082 04 - DEWEY DECIMAL CLASSIFICATION NUMBER | |
| Classification number | 616.89 |
| Edition information | 23 |
| 096 ## - LOCALLY ASSIGNED NLM-TYPE CALL NUMBER (OCLC) | |
| Classification number | WM 34 O95 2016 |
| 001 - CONTROL NUMBER | |
| control field | data |
| 100 1# - MAIN ENTRY--PERSONAL NAME | |
| Personal name | Semple, David |
| Fuller form of name | (David M.) |
| 245 10 - TITLE STATEMENT | |
| Title | Oxford handbook of psychiatry / |
| Statement of responsibility, etc. | David Semple & Roger Smyth. |
| 250 ## - EDITION STATEMENT | |
| Edition statement | 3rd ed. |
| 260 ## - PUBLICATION, DISTRIBUTION, ETC. | |
| Place of publication, distribution, etc. | Oxford : |
| Name of publisher, distributor, etc. | Oxford University Press, |
| Date of publication, distribution, etc. | 2013. |
| 300 ## - PHYSICAL DESCRIPTION | |
| Extent | xxviii, 1057 p. : |
| Other physical details | ill. ; |
| Dimensions | 19 cm. |
| 490 1# - SERIES STATEMENT | |
| Series statement | Oxford handbooks |
| 490 1# - SERIES STATEMENT | |
| Series statement | Oxford medical publications |
| 504 ## - BIBLIOGRAPHY, ETC. NOTE | |
| Bibliography, etc. note | Includes bibliographical references and index. |
| 650 12 - SUBJECT ADDED ENTRY--TOPICAL TERM | |
| Topical term or geographic name entry element | Mental Disorders |
| General subdivision | therapy |
| 650 22 - SUBJECT ADDED ENTRY--TOPICAL TERM | |
| Topical term or geographic name entry element | Psychiatry |
| 655 #2 - INDEX TERM--GENRE/FORM | |
| Genre/form data or focus term | Handbooks |
| 700 1# - ADDED ENTRY--PERSONAL NAME | |
| Personal name | Smyth, Roger. |
| 830 #0 - SERIES ADDED ENTRY--UNIFORM TITLE | |
| Uniform title | Oxford medical publications. |
| 830 #0 - SERIES ADDED ENTRY--UNIFORM TITLE | |
| Uniform title | Oxford handbooks. |
| 992 ## - | |
| -- | P3 |
| -- | EF |
| -- | 20140806 |
| 993 ## - | |
| -- | KXP |
| -- | 20140904 |
| 994 ## - | |
| -- | CDN |
| -- | 20140919 |
| Withdrawn status | Lost status | Damaged status | Not for loan | Home library | Current library | Shelving location | Date acquired | Total checkouts | Full call number | Barcode | Date last seen | Price effective from | Koha item type |
|---|---|---|---|---|---|---|---|---|---|---|---|---|---|
| Franklin | Franklin | General stacks | 22/03/2026 | 616.89 23 | BC0010515 | 22/03/2026 | 22/03/2026 | Books |